00939nam a22002177a 450000500170000000800410001704000250005804100080008304400070009109000160009810000360011424501580015026001030030830000300041150000200044165000160046165000430047794200150052099900150053595201710055020180803165529.0140225b2005 ck ||||| |||| 00| 0 spa d aCO-BoIAVHcCO-BoIAVH aspa ack aIAVHb015911 aMárquez-Reyes, César93106010aEvaluación de métodos para repeler aves en granjas piscícolas colombianas para controlar el daño ocasionado por águilas pescadoras y otras aves aBogotábInstituto de Investigación de Recursos Biológicos Alexander von HumboldtbUSWFc2005 a24 p.bpasta durac29 cm. aContrato No. 63 aAves992429 aAgriculturaxaves perjudiciales931062 2zcINFORME c8150d8150 00102z40708HUMBOLDTIINV2017aBogotabBogotad2014-02-25eInstitutog30000.00l0oIAVH-01591p059895r2024-08-09 00:00:00tEj. 1w2014-02-25xInstitucionalyLIBRO